Southville International School and Colleges
Your cart is empty.
  • Cart
  • Lists
    Public lists Eva Luna New books Lux_list list_1
    Your lists Log in to create your own lists
  • Log in to your account
  • Your cookies
  • Search history
Southville International School and Colleges
  • Advanced search
  • Recent comments
  • Most popular
  • Libraries

Log in to your account

Log in with GOOGLE


If you do not have an external account, but do have a local account, you can still log in:

  1. Home
  2. MARC view: Physical education and health :
Normal view MARC view ISBD view

Physical education and health : (Record no. 367689)

[ view plain ]
MARC details
000 -LEADER
fixed length control field 00720nam a22002297a 4500
003 - CONTROL NUMBER IDENTIFIER
control field 0
005 - DATE AND TIME OF LATEST TRANSACTION
control field 20250829141847.0
008 - FIXED-LENGTH DATA ELEMENTS--GENERAL INFORMATION
fixed length control field 250829b xxu||||| |||| 00| 0 eng d
020 ## - INTERNATIONAL STANDARD BOOK NUMBER
International Standard Book Number 979-8-89366-097-5
050 ## - LIBRARY OF CONGRESS CALL NUMBER
Classification number GV 341
Item number .P54 2025
100 ## - MAIN ENTRY--PERSONAL NAME
Personal name Piere, Alan,
Relator term author.
245 ## - TITLE STATEMENT
Title Physical education and health :
Remainder of title an integrated approach /
Statement of responsibility, etc Alan Piere.
260 ## - PUBLICATION, DISTRIBUTION, ETC. (IMPRINT)
Place of publication, distribution, etc Brooklyn, NY :
Name of publisher, distributor, etc States Academic Press,
Date of publication, distribution, etc 2025.
300 ## - PHYSICAL DESCRIPTION
Extent 234 pages :
Other physical details colored illustrations ;
Dimensions 26 cm.
504 ## - BIBLIOGRAPHY, ETC. NOTE
Bibliography, etc Includes bibliographical references and index.
650 ## - SUBJECT ADDED ENTRY--TOPICAL TERM
Topical term or geographic name as entry element Physical education and training.
650 ## - SUBJECT ADDED ENTRY--TOPICAL TERM
Topical term or geographic name as entry element Health.
650 ## - SUBJECT ADDED ENTRY--TOPICAL TERM
Topical term or geographic name as entry element Sports.
650 ## - SUBJECT ADDED ENTRY--TOPICAL TERM
Topical term or geographic name as entry element Physical fitness.
650 ## - SUBJECT ADDED ENTRY--TOPICAL TERM
Topical term or geographic name as entry element Sports medicine.
942 ## - ADDED ENTRY ELEMENTS (KOHA)
Source of classification or shelving scheme Library of Congress Classification
Koha item type Books
Holdings
Withdrawn status Lost status Source of classification or shelving scheme Damaged status Home library Current library Shelving location Date acquired Source of acquisition Sub Shelving location Total Checkouts Full call number Barcode Date last seen Price effective from Koha item type
    Library of Congress Classification   College Library College Library Reserve Section 06/04/2025 Library Fund     GV 341 .P54 2025 C24796 08/29/2025 08/29/2025 Books

Physical education and health :

APA

Piere A., . (2025). Physical education and health. Brooklyn, NY: States Academic Press.

Chicago

Piere Alan, . 2025. Physical education and health. Brooklyn, NY: States Academic Press.

Harvard

Piere A., . (2025). Physical education and health. Brooklyn, NY: States Academic Press.

MLA

Piere Alan, . Physical education and health. Brooklyn, NY: States Academic Press. 2025.

  • Place hold
  • Print
  • Cite
  • Add to your cart (remove)
  • Save record
    BIBTEX Dublin Core MARCXML MARC (non-Unicode/MARC-8) MARC (Unicode/UTF-8) MARC (Unicode/UTF-8, Standard) MODS (XML) RIS
  • More searches
    Search for this title in:
    Other Libraries (WorldCat) Other Databases (Google Scholar) Online Stores (Bookfinder.com) Open Library (openlibrary.org)

Exporting to Dublin Core...

SOUTHVILLE LIBRARY

Southville International School and Colleges Library

1281 Tropical Ave. Cor. Luxembourg St., BF Homes International, Las Pinas City

Tel. No. 8256374 / 252358 Loc. 117/146

Powered by Koha